|
|
|
|
| LEADER |
00000nam0a2200000 4500 |
| 001 |
219844 |
| 005 |
20231101230305.0 |
| 010 |
|
|
|a 9785991617901
|
| 035 |
|
|
|a (RuTPU)RU\TPU\book\239943
|
| 090 |
|
|
|a 219844
|
| 100 |
|
|
|a 20120724d2012 m y0rusy50 ca
|
| 101 |
0 |
|
|a rus
|
| 102 |
|
|
|a RU
|
| 105 |
|
|
|a a j 001zy
|
| 200 |
1 |
|
|a Общая и неорганическая химия. Современный курс
|e учебное пособие для бакалавров и специалистов
|f И. В. Росин, Л. Д. Томина
|
| 210 |
|
|
|a Москва
|c Юрайт
|d 2012
|
| 215 |
|
|
|a 1338 с.
|c ил.
|
| 225 |
1 |
|
|a Бакалавр. Базовый курс
|
| 320 |
|
|
|a Библиогр.: с. 1337-1338.
|
| 330 |
|
|
|a В учебном пособии применен интегрированный подход к отбору и систематическому изложению учебного материала по курсу общей и неорганической химии на основании Федерального государственного общеобразовательного стандарта высшего профессионального образования третьего поколения и программ, утвержденных Министерством образования и науки Российской Федерации для студентов химико-технологических, естественнонаучных, медицинских, биохимических и биологических специальностей вузов. В учебный комплекс входит также пособие «Общая и неорганическая химия. Лабораторный практикум».
|
| 606 |
1 |
|
|a Химия общая
|2 stltpush
|3 (RuTPU)RU\TPU\subj\67862
|9 83510
|
| 606 |
1 |
|
|a Неорганическая химия
|2 stltpush
|3 (RuTPU)RU\TPU\subj\67586
|9 83311
|
| 610 |
1 |
|
|a учебные пособия
|
| 610 |
1 |
|
|a вещество
|
| 610 |
1 |
|
|a электронное строение
|
| 610 |
1 |
|
|a химическая связь
|
| 610 |
1 |
|
|a агрегатные состояния
|
| 610 |
1 |
|
|a химическая термодинамика
|
| 610 |
1 |
|
|a кинетика
|
| 610 |
1 |
|
|a химические реакции
|
| 610 |
1 |
|
|a химические растворы
|
| 610 |
1 |
|
|a дисперсные системы
|
| 610 |
1 |
|
|a коллоидные растворы
|
| 610 |
1 |
|
|a окислительно-восстановительные реакции
|
| 610 |
1 |
|
|a электрохимия
|
| 610 |
1 |
|
|a химические элементы
|
| 675 |
|
|
|a 54(075.8)
|v 3
|
| 675 |
|
|
|a 546(075.8)
|v 3
|
| 700 |
|
1 |
|a Росин
|b И. В.
|g Игорь Владимирович
|
| 701 |
|
1 |
|a Томина
|b Л. Д.
|g Людмила Дмитриевна
|
| 801 |
|
1 |
|a RU
|b 63413507
|c 20120724
|
| 801 |
|
2 |
|a RU
|b 63413507
|c 20210622
|g RCR
|
| 900 |
|
|
|a Общая и неорганическая химия
|
| 942 |
|
|
|c BK
|
| 959 |
|
|
|a 59/20120417
|d 5
|e 829,00
|f ЧЗТЛ:1
|f АНЛ:1
|